000 00364nam a2200145Ia 4500
008 150201s2013 xx 000 0 und d
082 _a615
_bP13T
100 _aTREVOR, ANTHONY J.
245 _aPHARMACOLOGY EXAMINATION & BOARD REVIEW
250 _a10TH
260 _bMC GRAW HILL
_aNEW YORK
_c2013
300 _a1-646
650 _aPHARMACOLOGY
942 _2ddc
_cBK
999 _c1789
_d1789